000
00333nam a2200145Ia 4500
100
_a
Bennett/ E.D./ Brandt/ F.S.
490
_v
1
942
_c
RB
654
_a
Administrative policy
245
_a
Administrative policy
260
_b
Charchs E Merill pub. co.
_a
Ohio
_c
1974
082
_a
658.4
300
_a
766
546
_a
ENGLISH
999
_c
22732
_d
22732